| 000 | 00928nam a2200265 i 4500 | ||
|---|---|---|---|
| 001 | 103636 | ||
| 003 | ES-MaACL | ||
| 005 | 20240221063030.0 | ||
| 007 | t| | ||
| 008 | 060426s1960 sp c |||| | spa d | ||
| 040 | _cES-MaACL | ||
| 080 | _a014.3:05(464.14) Ateneo | ||
| 100 | 1 |
_aSagardía, Ángel. _9139049 _eaut |
|
| 245 | 1 | 0 |
_aAteneo : _b(Madrid, 1906-1912) / _cÁngel Sagardía |
| 260 |
_aMadrid : _bInstituto Miguel de Cervantes del CSIC, _c1960. |
||
| 300 |
_aXVIII, 144 páginas ; _c24 cm |
||
| 490 | 1 |
_aColección de índices de publicaciones periódicas ; _v18 |
|
| 630 | 0 | 7 |
_aAteneo (Madrid, 1906-1912)- _vÍndices. _9119067 |
| 710 | 2 |
_aInstituto "Miguel de Cervantes" _95133 _eedt |
|
| 830 | 0 |
_aColección de índices de publicaciones periódicas ; _v18 _9184798 |
|
| 852 |
_aES-MaACL _jC-21240 _cMES |
||
| 942 |
_cMONOGRAFIA _n0 |
||
| 999 |
_c103636 _d103636 |
||